|
|
|
|
| LEADER |
00000nab a2200000 a 4500 |
| 001 |
vtls000704837 |
| 003 |
SK-MaSNL |
| 005 |
20260304015705.0 |
| 008 |
140429c1999 xo 0 slo |
| 015 |
|
|
|a SNBRB1999/10-24571
|
| 035 |
|
|
|a CLN000057004
|
| 040 |
|
|
|a SNKBUCL
|b slo
|c SNKBUCL
|e AACR2
|
| 041 |
0 |
|
|a slo
|
| 044 |
|
|
|a xo
|c SK
|
| 080 |
|
|
|a 338(437.6)
|2 1997
|
| 080 |
|
|
|a 328.1(437.6)
|2 1997
|
| 100 |
1 |
|
|a Greguš, Peter
|4 ivr
|9 377535
|
| 245 |
1 |
0 |
|a Chce to stabilnú politickú situáciu
|c Peter Greguš, Jaroslav Volf
|
| 610 |
1 |
7 |
|a Slovensko.
|b Národná rada
|2 snkbucl
|9 165573
|
| 655 |
|
7 |
|a články z novín a časopisov
|2 snkbucl
|9 267496
|
| 700 |
1 |
|
|a Volf, Jaroslav
|4 aut
|9 899978
|
| 773 |
0 |
|
|t Parlamentný kuriér
|g Roč. 7, č. 65 (1999), s. 38-39
|x 1335-0307
|
| 850 |
|
|
|a Slovenská národná knižnica v Martine
|
| 852 |
|
|
|a SNK
|b KIS3GCP
|
| 958 |
|
|
|a SK
|
| 992 |
|
|
|a RBX
|
| 999 |
|
|
|c 2593313
|d 2595243
|